Central Library OPAC University of Rajshahi

English social history: (Record no. 23929)

MARC details
000 -LEADER
fixed length control field 00958cam a22002891 4500
001 - CONTROL NUMBER
control field 23929
003 - CONTROL NUMBER IDENTIFIER
rucl marc code BD-RjUL
005 - DATE AND TIME OF LATEST TRANSACTION
control field 20211209001004.0
008 - FIXED-LENGTH DATA ELEMENTS--GENERAL INFORMATION
fixed length control field 140312r19861942enkab 000 0 eng
035 ## - SYSTEM CONTROL NUMBER
System control number (BD-RjUL)23994
System control number (OCoLC)1320094
040 ## - CATALOGING SOURCE
Original cataloging agency DLC
Transcribing agency OCU
Modifying agency OCoLC
-- DLC
-- BD-RjUL
Language of cataloging eng
041 ## - LANGUAGE CODE
Language code of text/sound track or separate title eng
082 00 - DEWEY DECIMAL CLASSIFICATION NUMBER
Classification number 942
Author mark and year TRE 1986
100 1# - MAIN ENTRY--PERSONAL NAME
Personal name Trevelyan, George Macaulay,
Dates associated with a name 1876-1962.
9 (RLIN) 55186
245 10 - TITLE STATEMENT
Title English social history:
Remainder of title a survey of six centuries, Chaucer to Queen Victoria,
Statement of responsibility, etc. by G.M. Trevelyan .
260 ## - PUBLICATION, DISTRIBUTION, ETC. (IMPRINT)
Place of publication, distribution, etc. London,
-- New York [etc.]
Name of publisher, distributor, etc. Longmans, Green and Co.,
-- Penguin
Date of publication, distribution, etc. c1942,c1944 [Reprint-1986]
300 ## - PHYSICAL DESCRIPTION
Pagination 649 p.:
Illustrations ill.
Size 21 cm.
500 ## - GENERAL NOTE
General note "First edition."
General note Colored maps on lining papers.
504 ## - BIBLIOGRAPHY, ETC. NOTE
Bibliography, etc Includes index.
651 #0 - SUBJECT ADDED ENTRY--GEOGRAPHIC NAME
Geographic name Great Britain
General subdivision History.
9 (RLIN) 73681
Geographic name Great Britain
General subdivision Social conditions.
9 (RLIN) 73682
942 ## - ADDED ENTRY ELEMENTS (KOHA)
Source of classification or shelving scheme Dewey Decimal Classification
Koha item type Books
Holdings
Lost status Source of classification or shelving scheme Damaged status Not for loan Permanent Location Current Location Shelving location Date acquired Source of acquisition Cost, normal purchase price Total Checkouts Full call number Date last seen Copy number Koha item type Collection code
  Dewey Decimal Classification     Central Library, University of Rajshahi Central Library, University of Rajshahi   02/11/1998 Rajshahi Aligarh Library 8.99   942 TRE 1986 12/03/2014 C-10 Books  
  Dewey Decimal Classification   Added to bundle Central Library, University of Rajshahi Central Library, University of Rajshahi Reading Room 11/12/1996 Black well 375.00   942 TRE 1994 12/03/2014 C-1 Books Non-fiction